| 000 | 00676nam a2200193Ii 4500 | ||
|---|---|---|---|
| 003 | JO-AjNU | ||
| 008 | 230606s9999||||xx |||||||||||||| ||und|| | ||
| 040 |
_aJO-AjNU _beng _erda _cJO-AjNU |
||
| 041 | _aeng | ||
| 050 | 1 | 4 | _aHQ766.5.J6.J65.2011 |
| 100 | 3 |
_aJordan. Higher Population Council, _eauthor _93508 |
|
| 245 | 0 | 0 | _aFeasibility of family planning Services Inclusion Within Public and Private Employers Health Insurance Plans |
| 264 | 3 | 1 | _aAmman, Jordan: The Higher Population Council, 2011 |
| 300 | _a49p | ||
| 336 |
_atext _btxt _2rdacontent |
||
| 337 |
_aunmediated _bn _2rdamedia |
||
| 338 |
_avolume _bnc _2rdacarrier |
||
| 650 | 4 |
_aBirth control -- Jordan _93509 |
|
| 999 |
_aE1830 _c1830 _d1830 |
||